<?xml version="1.0" encoding="UTF-8"?>
<record
    xmlns:xsi="http://www.w3.org/2001/XMLSchema-instance"
    xsi:schemaLocation="http://www.loc.gov/MARC21/slim http://www.loc.gov/standards/marcxml/schema/MARC21slim.xsd"
    xmlns="http://www.loc.gov/MARC21/slim">

  <leader>     nam a22     7a 4500</leader>
  <datafield tag="999" ind1=" " ind2=" ">
    <subfield code="c">43853</subfield>
    <subfield code="d">43853</subfield>
  </datafield>
  <controlfield tag="003">OSt</controlfield>
  <controlfield tag="005">20180305110012.0</controlfield>
  <controlfield tag="008">180305b        xxu||||| |||| 00| 0 eng d</controlfield>
  <datafield tag="040" ind1=" " ind2=" ">
    <subfield code="c">IIMT</subfield>
  </datafield>
  <datafield tag="100" ind1=" " ind2=" ">
    <subfield code="a">LAXMIKANT M</subfield>
  </datafield>
  <datafield tag="245" ind1=" " ind2=" ">
    <subfield code="a">INDIAN POLITY</subfield>
  </datafield>
  <datafield tag="260" ind1=" " ind2=" ">
    <subfield code="a">DELHI</subfield>
    <subfield code="b">MC GRAW HILL</subfield>
    <subfield code="c">2017</subfield>
  </datafield>
  <datafield tag="300" ind1=" " ind2=" ">
    <subfield code="a">AXV111.3</subfield>
  </datafield>
  <datafield tag="942" ind1=" " ind2=" ">
    <subfield code="2">ddc</subfield>
    <subfield code="c">02</subfield>
  </datafield>
  <datafield tag="952" ind1=" " ind2=" ">
    <subfield code="0">0</subfield>
    <subfield code="1">0</subfield>
    <subfield code="2">ddc</subfield>
    <subfield code="4">0</subfield>
    <subfield code="7">0</subfield>
    <subfield code="a">18</subfield>
    <subfield code="b">18</subfield>
    <subfield code="d">2018-03-14</subfield>
    <subfield code="e">BANSAL</subfield>
    <subfield code="g">710.00</subfield>
    <subfield code="l">0</subfield>
    <subfield code="p">18-B-1522</subfield>
    <subfield code="r">2018-03-05</subfield>
    <subfield code="w">2018-03-05</subfield>
    <subfield code="y">02</subfield>
  </datafield>
  <datafield tag="952" ind1=" " ind2=" ">
    <subfield code="0">0</subfield>
    <subfield code="1">0</subfield>
    <subfield code="2">ddc</subfield>
    <subfield code="4">0</subfield>
    <subfield code="7">0</subfield>
    <subfield code="a">18</subfield>
    <subfield code="b">18</subfield>
    <subfield code="d">2018-03-14</subfield>
    <subfield code="e">BANSAL</subfield>
    <subfield code="g">710.00</subfield>
    <subfield code="l">3</subfield>
    <subfield code="p">18-B-1523</subfield>
    <subfield code="r">2024-01-08</subfield>
    <subfield code="s">2023-09-14</subfield>
    <subfield code="w">2018-03-05</subfield>
    <subfield code="y">02</subfield>
  </datafield>
  <datafield tag="952" ind1=" " ind2=" ">
    <subfield code="0">0</subfield>
    <subfield code="1">0</subfield>
    <subfield code="2">ddc</subfield>
    <subfield code="4">0</subfield>
    <subfield code="7">0</subfield>
    <subfield code="a">18</subfield>
    <subfield code="b">18</subfield>
    <subfield code="d">2018-03-14</subfield>
    <subfield code="e">BANSAL</subfield>
    <subfield code="g">710.00</subfield>
    <subfield code="l">4</subfield>
    <subfield code="p">18-B-1524</subfield>
    <subfield code="r">2024-01-08</subfield>
    <subfield code="s">2023-09-14</subfield>
    <subfield code="w">2018-03-05</subfield>
    <subfield code="y">02</subfield>
  </datafield>
  <datafield tag="952" ind1=" " ind2=" ">
    <subfield code="0">0</subfield>
    <subfield code="1">0</subfield>
    <subfield code="2">ddc</subfield>
    <subfield code="4">0</subfield>
    <subfield code="7">0</subfield>
    <subfield code="a">18</subfield>
    <subfield code="b">18</subfield>
    <subfield code="d">2018-03-14</subfield>
    <subfield code="e">BANSAL</subfield>
    <subfield code="g">710.00</subfield>
    <subfield code="l">3</subfield>
    <subfield code="p">18-B-1525</subfield>
    <subfield code="r">2021-02-18</subfield>
    <subfield code="s">2020-03-02</subfield>
    <subfield code="w">2018-03-05</subfield>
    <subfield code="y">02</subfield>
  </datafield>
  <datafield tag="952" ind1=" " ind2=" ">
    <subfield code="0">0</subfield>
    <subfield code="1">0</subfield>
    <subfield code="2">ddc</subfield>
    <subfield code="4">0</subfield>
    <subfield code="7">0</subfield>
    <subfield code="a">18</subfield>
    <subfield code="b">18</subfield>
    <subfield code="d">2018-03-14</subfield>
    <subfield code="e">BANSAL</subfield>
    <subfield code="g">710.00</subfield>
    <subfield code="l">3</subfield>
    <subfield code="p">18-B-1526</subfield>
    <subfield code="q">2026-07-31</subfield>
    <subfield code="r">2026-03-16</subfield>
    <subfield code="s">2026-03-16</subfield>
    <subfield code="w">2018-03-05</subfield>
    <subfield code="y">02</subfield>
  </datafield>
  <datafield tag="952" ind1=" " ind2=" ">
    <subfield code="0">0</subfield>
    <subfield code="1">0</subfield>
    <subfield code="2">ddc</subfield>
    <subfield code="4">0</subfield>
    <subfield code="7">0</subfield>
    <subfield code="a">18</subfield>
    <subfield code="b">18</subfield>
    <subfield code="d">2018-03-14</subfield>
    <subfield code="e">BANSAL</subfield>
    <subfield code="g">710.00</subfield>
    <subfield code="l">3</subfield>
    <subfield code="p">18-B-1527</subfield>
    <subfield code="r">2021-01-18</subfield>
    <subfield code="s">2020-03-02</subfield>
    <subfield code="w">2018-03-05</subfield>
    <subfield code="y">02</subfield>
  </datafield>
  <datafield tag="952" ind1=" " ind2=" ">
    <subfield code="0">0</subfield>
    <subfield code="1">0</subfield>
    <subfield code="2">ddc</subfield>
    <subfield code="4">0</subfield>
    <subfield code="7">0</subfield>
    <subfield code="a">18</subfield>
    <subfield code="b">18</subfield>
    <subfield code="d">2018-03-14</subfield>
    <subfield code="e">BANSAL</subfield>
    <subfield code="g">710.00</subfield>
    <subfield code="l">7</subfield>
    <subfield code="p">18-B-1528</subfield>
    <subfield code="r">2024-05-15</subfield>
    <subfield code="s">2024-04-10</subfield>
    <subfield code="w">2018-03-05</subfield>
    <subfield code="y">02</subfield>
  </datafield>
  <datafield tag="952" ind1=" " ind2=" ">
    <subfield code="0">0</subfield>
    <subfield code="1">0</subfield>
    <subfield code="2">ddc</subfield>
    <subfield code="4">0</subfield>
    <subfield code="7">0</subfield>
    <subfield code="a">18</subfield>
    <subfield code="b">18</subfield>
    <subfield code="d">2018-03-14</subfield>
    <subfield code="e">BANSAL</subfield>
    <subfield code="g">710.00</subfield>
    <subfield code="l">3</subfield>
    <subfield code="p">18-B-1529</subfield>
    <subfield code="r">2021-01-11</subfield>
    <subfield code="s">2020-02-17</subfield>
    <subfield code="w">2018-03-05</subfield>
    <subfield code="y">02</subfield>
  </datafield>
  <datafield tag="952" ind1=" " ind2=" ">
    <subfield code="0">0</subfield>
    <subfield code="1">0</subfield>
    <subfield code="2">ddc</subfield>
    <subfield code="4">0</subfield>
    <subfield code="7">0</subfield>
    <subfield code="a">18</subfield>
    <subfield code="b">18</subfield>
    <subfield code="d">2018-03-14</subfield>
    <subfield code="e">BANSAL</subfield>
    <subfield code="g">710.00</subfield>
    <subfield code="l">2</subfield>
    <subfield code="p">18-B-1530</subfield>
    <subfield code="r">2019-05-20</subfield>
    <subfield code="s">2019-01-31</subfield>
    <subfield code="w">2018-03-05</subfield>
    <subfield code="y">02</subfield>
  </datafield>
  <datafield tag="952" ind1=" " ind2=" ">
    <subfield code="0">0</subfield>
    <subfield code="1">0</subfield>
    <subfield code="2">ddc</subfield>
    <subfield code="4">0</subfield>
    <subfield code="7">0</subfield>
    <subfield code="a">18</subfield>
    <subfield code="b">18</subfield>
    <subfield code="d">2018-03-14</subfield>
    <subfield code="e">BANSAL</subfield>
    <subfield code="g">710.00</subfield>
    <subfield code="l">2</subfield>
    <subfield code="p">18-B-1531</subfield>
    <subfield code="r">2019-05-17</subfield>
    <subfield code="s">2019-01-30</subfield>
    <subfield code="w">2018-03-05</subfield>
    <subfield code="y">02</subfield>
  </datafield>
</record>
